000 01211cam a22002294a 4500
005 20250605164136.0
008 250528s ||||||||||||||||||||||||d
035 _a18790
020 _a841910987
040 _aGR-AtMCL
_bgre
_dGR-AtMCL
_eAACR2
245 1 _aThe Politics of Scandal / Power and Process in Liberal Democracies
260 _c1988
300 _a276
520 _aForeword, Introduction: Power and Process in Liberal Dempcracies, The Anglo-American Experience, Watergate and the American Political System, Canada: The RCMP Scandals, Sex and Spies and Scandal: The Profumo Affair and British Politics, The Continental Experience, The Greenpeace Affair and the Peculiarities of French Politics, Italy: A Web of Scandals in a Flawed Democracy, From Spiegel to Flick: The Maturation of the West German Parteienstaat, The Withering of Consociational Democracy?, The Non-European Experience, The Lockhead Scandal and the High Costs of Politics in Japan, The Lavon Affair, Conclusion, Index.
700 1 _aHolmes & Meier
_95038
700 1 _aLowi Theodore J
_95039
700 1 _aMarkovits Andrei S
_95040
700 1 _aSilverstein Mark
_95041
942 _cBK
999 _c4103
_d4103